[Event "MK Cafe Cup-B"]
[Site "Koszalin"]
[Date "1998.??.??"]
[Round "7"]
[White "Wegner, Robert"]
[Black "Gralka, Przemyslaw"]
[Result "1/2-1/2"]
[WhiteElo "2150"]
[BlackElo "2295"]
[PlyCount "111"]
[EventDate "1998.08.??"]
[EventType "swiss"]
[EventRounds "10"]
[EventCountry "POL"]
[SourceTitle "EXT 1999"]
[Source "ChessBase"]
[SourceDate "1998.11.16"]
[SourceVersion "1"]
[SourceVersionDate "1998.11.16"]
[SourceQuality "1"]

1. d4 d5 2. c4 dxc4 3. Nc3 Nf6 4. e3 e6 5. Bxc4 c5 6. Nf3 Nbd7 7. 0-0 Be7 8. Qe2 a6 9. a3 b5 10. Ba2 Bb7 11. dxc5 Bxc5 12. b4 Be7 13. Bb2 0-0 14. Rac1 Qb6 15. Rfd1 Rfd8 16. e4 a5 17. e5 Ne8 18. Bb1 axb4 19. axb4 Nf8 20. Qxb5 Qxb5 21. Nxb5 Bxf3 22. gxf3 Bxb4 23. Be4 Rab8 24. Nd4 Bc5 25. Ba1 Bxd4 26. Bxd4 f5 27. exf6 gxf6 28. Ba7 Rxd1+ 29. Rxd1 Rc8 30. Bb6 f5 31. Bb1 Kf7 32. Be3 Nf6 33. Ba2 Rc6 34. Rc1 Rxc1+ 35. Bxc1 Ng6 36. Bc4 Nh4 37. Be2 Nd5 38. Bd2 Kf6 39. Kf1 Ke5 40. Bg5 Ng6 41. Bb5 Nb4 42. Be8 Nf4 43. Bf7 Nbd3 44. Bg8 Nh3 45. Bh6 Kf6 46. Bxh7 Ng5 47. Bg8 Nxf3 48. Ke2 Nde5 49. Bc1 Nxh2 50. Bb2 Nhf3 51. Ke3 Ke7 52. Ba1 Kd6 53. Kf4 Kd5 54. Bh7 Nd4 55. Bxd4 Kxd4 56. Bxf5 1/2-1/2